|
|
|
|
| LEADER |
00000nas a2200000 a 4500 |
| 001 |
ssj0000498110 |
| 003 |
WaSeSS |
| 005 |
20200512172242.0 |
| 006 |
m d |
| 007 |
cr n |
| 008 |
110323c20109999nz ar s 0 a0eng c |
| 010 |
|
|
|a 2012254639
|
| 016 |
7 |
|
|a 101562656
|2 DNLM
|
| 022 |
|
|
|a 1179-7282
|l 1179-7282
|
| 035 |
|
|
|a (WaSeSS)ssj0000498110
|
| 040 |
|
|
|a HUA
|b eng
|c HUA
|d OCLCQ
|d CUV
|d CUS
|d OCLCF
|d CUS
|d OCLCO
|d EUW
|d OCLCO
|d NLM
|d OCLCO
|d OCLCQ
|d OCLCO
|d OCLCQ
|d CASUM
|d OCLCO
|d OCLCQ
|d WT2
|d OCLCO
|d OCLCA
|d OCLCQ
|d AU@
|d OCLCQ
|d CNMTR
|d OCLCQ
|d WaSeSS
|
| 042 |
|
|
|a pcc
|
| 050 |
1 |
4 |
|a RC960
|
| 060 |
0 |
0 |
|a W1
|
| 082 |
0 |
4 |
|a 616.9883
|b R43
|
| 210 |
1 |
0 |
|a Res Rep Trop Med
|2 dnlm
|
| 210 |
0 |
|
|a Res. rep. trop. med.
|
| 222 |
|
0 |
|a Research and reports in tropical medicine
|
| 245 |
0 |
0 |
|a Research and reports in tropical medicine
|h [electronic resource].
|
| 246 |
1 |
|
|a Journal of research and reports in tropical medicine
|
| 260 |
|
|
|a [Auckland, NZ] :
|b Dove Medical Press
|
| 310 |
|
|
|a Annual
|
| 362 |
1 |
|
|a Began with vol. 1 (2010).
|
| 506 |
|
|
|a License restrictions may limit access.
|
| 515 |
|
|
|a Articles added irregularly during the year and collected into annual issues.
|
| 588 |
0 |
|
|a Vol. 1 (2010); title from title information screen (viewed Nov 22, 2010).
|
| 588 |
1 |
|
|a 2015:6 (viewed Nov. 19, 2015).
|
| 650 |
|
0 |
|a Tropical medicine
|v Periodicals.
|
| 650 |
|
0 |
|a Tropical medicine
|x Research
|v Periodicals.
|
| 650 |
1 |
2 |
|a Tropical Medicine.
|
| 650 |
2 |
2 |
|a Communicable Diseases.
|
| 650 |
|
7 |
|a Tropical medicine.
|2 fast
|0 (OCoLC)fst01157469
|
| 650 |
|
7 |
|a Tropical medicine
|x Research.
|2 fast
|0 (OCoLC)fst01157474
|
| 655 |
|
0 |
|a Electronic journals.
|
| 856 |
4 |
0 |
|z Full text available from Research Library: 01/01/2010 to present
|u https://search.proquest.com/publication/3933281
|